GCSE Edexcel Business: For the Grade 9-1 Course (Record no. 2013)

MARC details
005 - DATE AND TIME OF LATEST TRANSACTION
control field 20250506114632.0
020 ## - INTERNATIONAL STANDARD BOOK NUMBER
International Standard Book Number 978-1-78294-690-8
082 ## - DEWEY DECIMAL CLASSIFICATION NUMBER
Classification number 650.076
245 ## - TITLE STATEMENT
Title GCSE Edexcel Business: For the Grade 9-1 Course
260 ## - PUBLICATION, DISTRIBUTION, ETC.
Place of publication, distribution, etc. Newcastle,
Name of publisher, distributor, etc. Coordination Group Publications Ltd (CGP),
Date of publication, distribution, etc. 2017
300 ## - PHYSICAL DESCRIPTION
Extent 90p.: ill.; picture,
Other physical details glossary & index,
Dimensions 29cm.
700 ## - ADDED ENTRY--PERSONAL NAME
Other authors/Editors Ed. by BURROWS, C [et al....]
856 ## - ELECTRONIC LOCATION AND ACCESS
Link text Access Online Book
Electronic name Business
Path www.cgpbooks.co.uk
942 ## - ADDED ENTRY ELEMENTS (KOHA)
Source of classification or shelving scheme Dewey Decimal Classification
Koha item type Books
Holdings
Date last seen Total checkouts Full call number Barcode Cost, replacement price Price effective from Koha item type Lost status Source of classification or shelving scheme Damaged status Not for loan Withdrawn status Home library Current library Shelving location Date acquired Cost, normal purchase price
05/06/2025   650.076 BRR 0000007733 49000.00 05/06/2025 Books   Dewey Decimal Classification       College of Business Education Main Library College of Business Education Main Library General Collection 01/02/2020 16500.00